|
|
|
|
| LEADER |
00000nam2a2200000 4500 |
| 001 |
103877 |
| 005 |
20231031113805.0 |
| 010 |
|
|
|a 5953314159
|
| 035 |
|
|
|a (RuTPU)RU\TPU\book\111981
|
| 090 |
|
|
|a 103877
|
| 100 |
|
|
|a 20061023d2006 m y0rusy50 ca
|
| 101 |
0 |
|
|a rus
|
| 102 |
|
|
|a RU
|
| 105 |
|
|
|a y z 000ay
|
| 200 |
0 |
|
|a Кн. 4: Багровые ковыли
|
| 210 |
|
|
|d 2006
|
| 215 |
|
|
|a 544 с.
|
| 330 |
|
|
|a В романе рассказывается об одной из самых драматических страниц Гражданской войны — боях иод Каховкой. В центре произведения судьбы бывшего «адъютанта его превосходительства» комиссара ЧК Павла Кольцова и белого генерала Слащева, которые неожиданно оказываются не только врагами.
|
| 461 |
|
1 |
|0 (RuTPU)RU\TPU\book\125966
|t Адъютант его превосходительства
|o роман
|o в 4 кн.
|f И. Я. Болгарин, Г. Л. Северский
|v Кн. 4: Багровые ковыли
|d 2006
|s Военные приключения
|
| 610 |
1 |
|
|a русская литература
|
| 610 |
1 |
|
|a романы
|
| 610 |
1 |
|
|a исторические романы
|
| 610 |
1 |
|
|a военные приключения
|
| 675 |
|
|
|a Р2
|v 3
|
| 801 |
|
1 |
|a RU
|b 63413507
|c 20061023
|g PSBO
|
| 801 |
|
2 |
|a RU
|b 63413507
|c 20221206
|g PSBO
|
| 942 |
|
|
|c BK
|
| 959 |
|
|
|a 89/20061012
|d 1
|e 119,57
|f ХФ:1
|